000 00445nam a2200157 i 4500
001 149426
003 ES-MaACL
007 t|
008 071022s1972 mx ||||1| spa d
100 1 _aVela, Arqueles.
_9113672
245 1 3 _aEl modernismo
_b: su filosofía, su estética, su técnica /
_cArqueles Vela.
250 _a2ª ed.
260 _aMéxico :
_bPorrúa,
_c1972.
300 _a273 p. ;
_c22 cm.
852 _aES-MaACL
_jE-5636
_bR.90178
999 _c149426
_d149426